000 00719nam a2200241Ia 4500
003 OSt
005 20220925231834.0
006 a|||||r|||| 00| 0
007 ta
008 220923b |||||||| |||| 00| 0 eng d
037 _cGeneral Book
040 _aRTL
_cRTL
_beng
041 _2eng
_aeng
082 _aX:85, K9
100 _aSchein Edgar H.
245 0 _aProcess consultation
_b Its role in organization de
260 _aMassachusetts
_bAddison-Wesley
_c1969
300 _aix, 147p. Appendix p 141-47
_ccm.
490 _aAddison-Wesley series on organization development
650 _aTop Management
942 _hX:85, K9
_cGB
_2CC
999 _c589591
_d589591